<?xml version="1.0" encoding="UTF-8"?><?xml-stylesheet type="text/xsl" href="static/style.xsl"?><OAI-PMH xmlns="http://www.openarchives.org/OAI/2.0/" xmlns:xsi="http://www.w3.org/2001/XMLSchema-instance" xsi:schemaLocation="http://www.openarchives.org/OAI/2.0/ http://www.openarchives.org/OAI/2.0/OAI-PMH.xsd"><responseDate>2026-06-01T04:35:58Z</responseDate><request verb="GetRecord" identifier="oai:riuma.uma.es:10630/29799" metadataPrefix="marc">https://riuma.uma.es/rest/oai/request</request><GetRecord><record><header><identifier>oai:riuma.uma.es:10630/29799</identifier><datestamp>2026-02-03T11:02:03Z</datestamp><setSpec>com_10630_2254</setSpec><setSpec>col_10630_37953</setSpec></header><metadata><record xmlns="http://www.loc.gov/MARC21/slim" xmlns:dcterms="http://purl.org/dc/terms/" xmlns:doc="http://www.lyncode.com/xoai" xmlns:xsi="http://www.w3.org/2001/XMLSchema-instance" xsi:schemaLocation="http://www.loc.gov/MARC21/slim http://www.loc.gov/standards/marcxml/schema/MARC21slim.xsd">
   <leader>00925njm 22002777a 4500</leader>
   <datafield ind2=" " ind1=" " tag="042">
      <subfield code="a">dc</subfield>
   </datafield>
   <datafield ind2=" " ind1=" " tag="720">
      <subfield code="a">González-Gallardo, Sandra</subfield>
      <subfield code="e">author</subfield>
   </datafield>
   <datafield ind2=" " ind1=" " tag="720">
      <subfield code="a">Luque-Gallego, Mariano</subfield>
      <subfield code="e">author</subfield>
   </datafield>
   <datafield ind2=" " ind1=" " tag="720">
      <subfield code="a">Saborido Infantes, Rubén</subfield>
      <subfield code="e">author</subfield>
   </datafield>
   <datafield ind2=" " ind1=" " tag="720">
      <subfield code="a">Ruiz-Mora, Ana Belén</subfield>
      <subfield code="e">author</subfield>
   </datafield>
   <datafield ind2=" " ind1=" " tag="260">
      <subfield code="c">2020</subfield>
   </datafield>
   <datafield ind2=" " ind1=" " tag="520">
      <subfield code="a">In this paper, a new version of the aggregation-based evolutionary algorithm Global WASF-GA (GWASF-GA) for many-objective optimization is proposed, called Adaptive Global WASF-GA (A-GWASF-GA). The fitness function of GWASF-GA is defined by an achievement scalarizing function (ASF) based on the Tchebychev distance, which considers two reference points (the nadir and utopian points) and a set of weight vectors. Despite of the benefits of using these two reference points simultaneously and a well- distributed set of weight vectors, it is necessary to go a step further to get better approximations in problems with complicated Pareto optimal fronts.&#xd;
For this, in A-GWASF-GA, some of the weight vectors are re-calculated during the optimization process based on the sparsity of the solutions found so far, and taking into account some theoretical results demonstrated in this paper regarding the ASF considered. Different strategies are carried out to accelerate the convergence and to maintain the diversity. The computational results, carried out in comparison with NSGA-III and different versions of MOEA/D, show the good performance of A-GWASF-GA in well-known but also in novel many-objective optimization benchmark problems.</subfield>
   </datafield>
   <datafield ind1="8" ind2=" " tag="024">
      <subfield code="a">Mariano Luque, Sandra Gonzalez-Gallardo, Rubén Saborido, Ana B. Ruiz, Adaptive Global WASF-GA to handle many-objective optimization problems, Swarm and Evolutionary Computation, Volume 54, 2020, 100644, ISSN 2210-6502, https://doi.org/10.1016/j.swevo.2020.100644. (https://www.sciencedirect.com/science/article/pii/S2210650218306187)</subfield>
   </datafield>
   <datafield ind1="8" ind2=" " tag="024">
      <subfield code="a">https://hdl.handle.net/10630/29799</subfield>
   </datafield>
   <datafield ind1="8" ind2=" " tag="024">
      <subfield code="a">10.1016/j.swevo.2020.100644</subfield>
   </datafield>
   <datafield tag="653" ind2=" " ind1=" ">
      <subfield code="a">Optimización</subfield>
   </datafield>
   <datafield ind2="0" ind1="0" tag="245">
      <subfield code="a">Adaptive Global WASF-GA to Handle Many-objective Optimization Problems</subfield>
   </datafield>
</record>
</metadata></record></GetRecord></OAI-PMH>